|
|
|
|
| LEADER |
01116nam a2200301 a 4500 |
| 001 |
707631 |
| 008 |
091110s1986 nyu 000 1 eng d |
| 010 |
|
|
|a 97009958
|
| 020 |
|
|
|a 0553211404
|
| 040 |
|
|
|a DLC
|c DLC
|d DLC
|
| 082 |
0 |
0 |
|a 823/.8
|2 19
|
| 100 |
1 |
|
|a Brontë, Charlotte,
|d 1816-1855.
|
| 245 |
1 |
0 |
|a Jane Eyre /
|c Charlotte Brontë.
|
| 260 |
|
|
|a New York :
|b Bantam Books,
|c 1986.
|
| 300 |
|
|
|a xi, 433 p. ;
|c 18 cm.
|
| 541 |
1 |
|
|e 00019527
|
| 650 |
|
0 |
|a Governesses
|v Fiction.
|
| 650 |
|
0 |
|a Fathers and daughters
|v Fiction.
|
| 650 |
|
0 |
|a Mentally ill women
|v Fiction.
|
| 650 |
|
0 |
|a Charity-schools
|v Fiction.
|
| 650 |
|
0 |
|a Married people
|v Fiction.
|
| 650 |
|
0 |
|a Country homes
|v Fiction.
|
| 650 |
|
0 |
|a Young women
|v Fiction.
|
| 650 |
|
0 |
|a Orphans
|v Fiction.
|
| 651 |
|
0 |
|a England
|v Fiction.
|
| 852 |
4 |
|
|a Ayesha Abed Library
|j General Shelf
|
| 999 |
|
|
|c 5341
|d 5341
|
| 952 |
|
|
|0 0
|1 0
|2 ddc
|4 0
|6 823_800000000000000_BRO
|7 0
|9 5203
|a BRACUL
|b BRACUL
|c GEN
|d 2009-11-05
|e Rupa Chakroborty
|l 6
|m 22
|o 823.8 BRO
|p 3010019527
|q 2026-06-02
|r 2026-05-18
|s 2026-05-18
|t 1
|w 2009-11-10
|y BK
|x Transferred from ENH to Ayesha Abed library on 20/12/2023
|